00277nam a22001097a 4500008004100000020001800041041000800059080001100067100000600078101000800084245007500092181031b xxu||||| |||| 00| 0 eng d a9780721644448 aeng a615.83 a8 aEKZ aAssesment In Occupational Therapy And Physical TherapycBrunt.D